<?xml version="1.0" encoding="UTF-8"?>
<record
    xmlns:xsi="http://www.w3.org/2001/XMLSchema-instance"
    xsi:schemaLocation="http://www.loc.gov/MARC21/slim http://www.loc.gov/standards/marcxml/schema/MARC21slim.xsd"
    xmlns="http://www.loc.gov/MARC21/slim">

  <leader>00834    a2200217   4500</leader>
  <datafield tag="999" ind1=" " ind2=" ">
    <subfield code="c">180058</subfield>
    <subfield code="d">180058</subfield>
  </datafield>
  <controlfield tag="005">20210722154545.0</controlfield>
  <datafield tag="010" ind1=" " ind2=" ">
    <subfield code="a">ENG-129621-23</subfield>
  </datafield>
  <datafield tag="020" ind1=" " ind2=" ">
    <subfield code="c">334.00 (v.I)</subfield>
    <subfield code="a">978-81-7505-499-8</subfield>
  </datafield>
  <datafield tag="020" ind1=" " ind2=" ">
    <subfield code="c">333.00(v.II)</subfield>
    <subfield code="a">978-81-7505-500-1</subfield>
  </datafield>
  <datafield tag="020" ind1=" " ind2=" ">
    <subfield code="c">333.00(v.III)</subfield>
    <subfield code="a">978-81-7505-501-8</subfield>
  </datafield>
  <datafield tag="035" ind1=" " ind2=" ">
    <subfield code="a">EN-113153-55</subfield>
  </datafield>
  <datafield tag="037" ind1=" " ind2=" ">
    <subfield code="b">DBAD /  PUB</subfield>
  </datafield>
  <datafield tag="082" ind1="1" ind2="4">
    <subfield code="a">230.1</subfield>
  </datafield>
  <datafield tag="100" ind1="1" ind2=" ">
    <subfield code="a">Harshananda, Swami</subfield>
  </datafield>
  <datafield tag="245" ind1="1" ind2=" ">
    <subfield code="a">Nama Ramayana Mahima/</subfield>
    <subfield code="c">By Swami Harshananda</subfield>
  </datafield>
  <datafield tag="260" ind1=" " ind2=" ">
    <subfield code="a">Uttarakhand</subfield>
    <subfield code="b">Advaita Ashrama</subfield>
    <subfield code="c">2020</subfield>
  </datafield>
  <datafield tag="270" ind1=" " ind2=" ">
    <subfield code="a">Mayavati, Champawat,</subfield>
    <subfield code="b">Uttarakhand</subfield>
    <subfield code="c">Uttarakhand</subfield>
  </datafield>
  <datafield tag="300" ind1=" " ind2=" ">
    <subfield code="a">3 V. (V 1, 671p.; V 2, 549p. V 3, 599p)</subfield>
    <subfield code="c">23cm(hbk)</subfield>
  </datafield>
  <datafield tag="505" ind1=" " ind2=" ">
    <subfield code="a">V.I-(Balakanda, Ayodhyakanda, Aranyakanda and Kiskindhakanda); 
V.II-(Sundarakanda and Yuddhakanda), 
V.III (Yuddhakanda and Uttarakanda)</subfield>
  </datafield>
  <datafield tag="942" ind1=" " ind2=" ">
    <subfield code="a">dpl</subfield>
    <subfield code="c">EN</subfield>
    <subfield code="2">ddc</subfield>
    <subfield code="h">230.1</subfield>
    <subfield code="m">HAR</subfield>
  </datafield>
  <datafield tag="952" ind1=" " ind2=" ">
    <subfield code="0">0</subfield>
    <subfield code="1">0</subfield>
    <subfield code="3">VOL.I</subfield>
    <subfield code="4">0</subfield>
    <subfield code="7">0</subfield>
    <subfield code="8">NFIC</subfield>
    <subfield code="a">L</subfield>
    <subfield code="b">L</subfield>
    <subfield code="d">2021-07-22</subfield>
    <subfield code="e">DBAD/PUB</subfield>
    <subfield code="g">334.00</subfield>
    <subfield code="l">2</subfield>
    <subfield code="m">2</subfield>
    <subfield code="o">230.1 HAR</subfield>
    <subfield code="p">EN-113153</subfield>
    <subfield code="r">2025-03-15 00:00:00</subfield>
    <subfield code="s">2025-03-15</subfield>
    <subfield code="t">1</subfield>
    <subfield code="v">334.00</subfield>
    <subfield code="y">EN</subfield>
  </datafield>
  <datafield tag="952" ind1=" " ind2=" ">
    <subfield code="0">0</subfield>
    <subfield code="1">0</subfield>
    <subfield code="3">VOL.II</subfield>
    <subfield code="4">0</subfield>
    <subfield code="7">0</subfield>
    <subfield code="8">NFIC</subfield>
    <subfield code="a">L</subfield>
    <subfield code="b">L</subfield>
    <subfield code="d">2021-07-22</subfield>
    <subfield code="e">DBAD/PUB</subfield>
    <subfield code="g">333.00</subfield>
    <subfield code="l">1</subfield>
    <subfield code="m">2</subfield>
    <subfield code="o">230.1 HAR</subfield>
    <subfield code="p">EN-113154</subfield>
    <subfield code="r">2023-11-10 00:00:00</subfield>
    <subfield code="s">2023-05-25</subfield>
    <subfield code="t">1</subfield>
    <subfield code="v">333.00</subfield>
    <subfield code="y">EN</subfield>
  </datafield>
  <datafield tag="952" ind1=" " ind2=" ">
    <subfield code="0">0</subfield>
    <subfield code="1">0</subfield>
    <subfield code="3">VOL.III</subfield>
    <subfield code="4">0</subfield>
    <subfield code="7">0</subfield>
    <subfield code="8">NFIC</subfield>
    <subfield code="a">L</subfield>
    <subfield code="b">L</subfield>
    <subfield code="d">2021-07-22</subfield>
    <subfield code="e">DBAD/PUB</subfield>
    <subfield code="g">333.00</subfield>
    <subfield code="l">1</subfield>
    <subfield code="o">230.1 HAR</subfield>
    <subfield code="p">EN-113155</subfield>
    <subfield code="r">2024-08-09 00:00:00</subfield>
    <subfield code="s">2024-07-29</subfield>
    <subfield code="t">1</subfield>
    <subfield code="v">333.00</subfield>
    <subfield code="y">EN</subfield>
  </datafield>
</record>
